000 00533nam a22001817a 4500
005 20231110075223.0
008 231110b |||||||| |||| 00| 0 eng d
020 _a9780409052657
041 _aEnglish
082 _a346.1 HEA
100 _aHeaton, J
_lEnglish
245 _aThe South African Law of Persons /
_cJ Heaton
250 _aFourth Edition
260 _aDurban :
_bLexisNexis (Pty) Ltd,
_c2012
300 _bix, 180 pages ;
_c25 cm.
650 _aLegal practice
_bLaw
942 _cBK
_6ALISON_BN_VRIES
999 _c513
_d513